Islam as an Ethical and a Political Idea: Edited with critical introduction, copious... (Record no. 21111)

MARC details
000 -LEADER
fixed length control field 00330nam a22001217a 4500
082 ## - DEWEY DECIMAL CLASSIFICATION NUMBER
Classification number 297.5 HAS
100 ## - MAIN ENTRY--AUTHOR NAME
Author name Hashimy, S.Y.
245 ## - TITLE STATEMENT
Title Islam as an Ethical and a Political Idea: Edited with critical introduction, copious...
260 ## - PUBLICATION, DISTRIBUTION, ETC. (IMPRINT)
Place of publication Lahore
Name of publisher Nazil Publishers
Year of publication 1955
300 ## - PHYSICAL DESCRIPTION
Number of Pages 117
650 ## - SUBJECT ADDED ENTRY--TOPICAL TERM
Topical Term Islam-Ethics
942 ## - ADDED ENTRY ELEMENTS (KOHA)
Koha item type Books
Holdings
Home library Current library Shelving location Date acquired Source of acquisition Cost, normal purchase price Full call number Accession Number Koha item type
Henry Martyn Institute Library Henry Martyn Institute Library General stacks 06/07/2018 Islamic Book Service, Lahore 30.00 297.5 HAS 9245 Books
                   Copyright © 2026 | Henry Martyn Institute | Hyderabad | TS-500052 | INDIA | Implemented by hmi.edu.in
Hit-Count:

Powered by Koha